Gray (surviving executor of Lady Fox deceases) v Inland Revenue Commissioners (Record no. 10579)

MARC details
000 -LEADER
fixed length control field 00671cab a2200205 4500
001 - CONTROL NUMBER
control field X1302
008 - FIXED-LENGTH DATA ELEMENTS--GENERAL INFORMATION
fixed length control field 090401t1994 xxu||||| |||| 00| 0 eng d
035 ## - SYSTEM CONTROL NUMBER
System control number (Sirsi) u16090
041 ## - LANGUAGE CODE
Language code of text/sound track or separate title eng
245 ## - TITLE STATEMENT
Title Gray (surviving executor of Lady Fox deceases) v Inland Revenue Commissioners
260 ## - PUBLICATION, DISTRIBUTION, ETC.
Date of publication, distribution, etc. 1994
350 ## - PRICE (NR) (BK AM CF MU VM SE) [OBSOLETE]
Price 0
490 ## - SERIES STATEMENT
Series statement Simon`s Tax Cases
Volume/sequential designation 1994 STC 360-379(20)
520 ## - SUMMARY, ETC.
Summary, etc. Also cited as Lady Fox`s Exors v Commissioners of the Inland Revenue (1994 EGCS 32) and Brown v IRC (Abs50222).
650 ## - SUBJECT ADDED ENTRY--TOPICAL TERM
Topical term or geographic name entry element BROWN V IRC
650 ## - SUBJECT ADDED ENTRY--TOPICAL TERM
Topical term or geographic name entry element LADY FOXS EXORS V COMMISSIONERS OF THE INLAND REVENUE
690 ## - LOCAL SUBJECT ADDED ENTRY--TOPICAL TERM (OCLC, RLIN)
Topical term or geographic name as entry element TAXATION-CASE LAW
942 ## - ADDED ENTRY ELEMENTS (KOHA)
Suppress in OPAC 0
948 ## - LOCAL PROCESSING INFORMATION (OCLC); SERIES PART DESIGNATOR (RLIN)
c (OCLC) 04/03/1997
Holdings
Withdrawn status Lost status Source of classification or shelving scheme Damaged status Not for loan Home library Current library Shelving location Date acquired Total Checkouts Full call number Barcode Date last seen Copy number Price effective from Koha item type
    Dewey Decimal Classification     London London Journal article 14/09/1999   X1302 16090-1001 06/08/2019 1 06/08/2019 Law report